[Event "Kragero Resort Chess A 2018"]
[Site "Kragero"]
[Date "2018.02.24"]
[Round "6"]
[White "Hammer, Jon Ludvig"]
[Black "Thorfinnsson, Bragi"]
[Result "1-0"]
[WhiteElo "2622"]
[BlackElo "2426"]
[Annotator "TA"]
[PlyCount "73"]
[EventDate "2018.??.??"]
[EventType "swiss"]
[EventCountry "NOR"]
[SourceTitle "playchess.com"]
[Source "ChessBase"]
[SourceQuality "1"]

{[%evp 21,73,29,33,29,32,40,58,37,43,39,65,65,65,65,65,63,81,83,108,103,112,85,105,106,129,133,135,134,138,116,142,102,125,118,156,150,260,248,258,256,257,249,345,345,338,338,387,386,379,367,697,697,678,674]} 1. d4 d5 2. c4 e6 3. Nc3 Nf6 4. cxd5 exd5 5. Bg5 c6 6. e3 Bf5 7. Qf3 Bg6 8. Bxf6 Qxf6 9. Qxf6 gxf6 10. Nf3 Nd7 {D35: Damengambit (Abtauschvariante)} 11. Nh4 Bb4 {LiveBook: 11 Partien} (11... Nb6 12. f4 h5 13. Kf2 Nc8 14. f5 Bh7 15. h3 Nd6 16. g4 Kd7 17. Bd3 Bh6 18. Ng2 {1-0 (37) Bluebaum,M (2632)-Naiditsch,A (2700) Minsk 2017}) 12. a3 Bxc3+ {Weiß hat minimalen Vorteil.} 13. bxc3 Nb6 14. Kd2 $146 ({Vorgänger:} 14. g3 Kd7 15. Rg1 Rad8 16. Kd2 Rhe8 17. Ng2 Na4 18. c4 dxc4 19. Bxc4 {½-½ (32) Schwarte,J (2331)-Zalcik,V (2284) ICCF email 2013}) 14... Nc8 15. c4 dxc4 16. Bxc4 Nd6 17. Rhc1 Ke7 18. Be2 Rad8 19. Ke1 Be4 20. g3 Rhg8 21. f3 Bd5 22. a4 Rd7 23. Ng2 f5 24. Nf4 Be6 25. Rc3 Rb8 26. h3 Ne8 27. Rb1 Nf6 {[#]} 28. Rxc6 $1 {[%mdl 512]} Rg8 (28... bxc6 $16 29. Rxb8 Rd8 30. Rb7+ Rd7) 29. Rcc1 $18 Nd5 30. Nxd5+ Bxd5 31. Kf2 a6 32. Bd3 Be6 33. Rc5 f4 34. gxf4 {[%cal Bg3f4,Bf4f5][%mdl 32]} Bxh3 35. Rg5 Rc8 $2 {[#]} (35... Rxg5 36. fxg5 Rc7 37. Bxh7 Bd7) 36. f5 Rc3 37. Be4 {Precision: Weiß = 88%, Schwarz = 40%.} 1-0

[Event "Kragero Resort Chess A 2018"]
[Site "Kragero"]
[Date "2018.02.24"]
[Round "6"]
[White "Chatalbashev, Boris"]
[Black "Holm, Kristian Stuvik"]
[Result "1/2-1/2"]
[WhiteElo "2571"]
[BlackElo "2448"]
[Annotator "TA"]
[PlyCount "66"]
[EventDate "2018.??.??"]
[EventType "swiss"]
[EventCountry "NOR"]
[SourceTitle "playchess.com"]
[Source "ChessBase"]
[SourceQuality "1"]

{[%evp 17,66,8,10,3,5,5,13,0,16,0,0,0,11,0,9,0,0,0,0,0,0,0,0,0,0,0,0,0,0,0,0,0,0,-10,0,-17,-5,-8,-6,-7,0,0,0,-16,-16,-42,-43,-43,-37,-30,-29]} 1. Nf3 d5 2. c4 e6 3. g3 Nf6 4. Bg2 dxc4 5. Qa4+ Bd7 6. Qxc4 {A13: English Opening: 1...e6} c5 7. Ne5 Qc8 8. Qd3 Nc6 9. Nxd7 Nxd7 {LiveBook: 15 Games} 10. Nc3 Be7 11. O-O $146 ({Predecessor:} 11. Qb5 a6 12. Qa4 Nd4 13. O-O O-O {1-0 (33) Aronian,L (2797)-Sethuraman,S (2646) Caleta 2018}) 11... O-O 12. Qb5 (12. b3 {keeps more tension.} f5 13. Bb2 Rd8 14. Rad1 Nf6 15. Qb1) 12... Nb6 13. Bxc6 bxc6 14. Qa5 c4 15. b3 Rd8 16. Rb1 c5 {[%cal Bc6c5,Bc5c4][%mdl 32]} 17. Rd1 cxb3 18. axb3 c4 19. Ba3 Bxa3 20. Qxa3 a5 21. Rbc1 Qa6 22. bxc4 Nxc4 23. Qa2 Nb6 24. d3 a4 25. Qa3 Nd5 26. Nxd5 Rxd5 27. Rc7 h6 28. Rdc1 Rdd8 29. R1c4 (29. R7c4 {is more complex.} Ra7 30. Ra1 Rda8 31. Ra2 Qb5 32. Kg2) 29... Qd6 30. R7c5 Ra5 31. Qc3 Rxc5 32. Rxc5 Ra8 {[#] White must now prevent ...a3.} 33. Qa3 $1 {Threatens to win with Rc8+!} Kh7 {Precision: White = 53%, Black = 60%.} 1/2-1/2

[Event "Kragero Resort Chess A 2018"]
[Site "Kragero"]
[Date "2018.02.24"]
[Round "6"]
[White "Hillarp Persson, Tiger"]
[Black "Kantans, Toms"]
[Result "1/2-1/2"]
[WhiteElo "2543"]
[BlackElo "2487"]
[Annotator "TA"]
[PlyCount "59"]
[EventDate "2018.??.??"]
[EventType "swiss"]
[EventCountry "NOR"]
[SourceTitle "playchess.com"]
[Source "ChessBase"]
[SourceQuality "1"]

{[%evp 12,59,-2,0,26,28,25,23,14,19,27,10,10,12,12,8,4,11,10,10,10,16,8,0,0,0,0,0,0,0,0,0,0,0,0,0,0,0,0,0,0,0,0,0,0,0,0,-10,0,0]} 1. c4 g6 2. Nc3 c5 3. Nf3 Bg7 4. g3 Nc6 5. Bg2 e6 6. d4 cxd4 7. Nb5 d6 {Black wants to play ...e5. A37: Symmetrical English vs ...g6: 4 Bg2 Bg7 5 Nf3} (7... d5 8. cxd5 exd5 9. O-O Nge7 10. Bf4 O-O 11. Qd2 Nf5 12. g4 Nfe7 13. h3 a6 14. Nd6 h6 15. Nxc8 Rxc8 16. Bxh6 f5 17. Bxg7 Kxg7 18. Nxd4 {0-1 (62) Grischuk,A (2754)-Carlsen,M (2857) chess.com INT 2016}) 8. Nfxd4 Nxd4 9. Nxd4 Ne7 {White has an edge.} 10. O-O O-O 11. Bg5 $146 ({Predecessor:} 11. b3 d5 12. cxd5 Nxd5 13. Bb2 Qb6 14. e3 Bd7 15. Qd2 {½-½ (26) Harutyunian,T (2448)-Paravyan,D (2509) Yerevan 2016}) 11... h6 {The position is equal.} 12. Bxe7 Qxe7 13. Qd2 Qc7 14. Nb5 Qxc4 15. Nxd6 Qd4 16. Qxd4 Bxd4 17. Rfd1 Bxb2 18. Rab1 Be5 19. Nxb7 {[#] Nd6 is the strong threat.} Rb8 20. a4 Bxb7 21. Rxb7 Rxb7 22. Bxb7 $11 {[%mdl 4096] Endgame KRB-KRB} a5 23. Rd7 Rb8 24. Kg2 Kf8 25. f4 Bf6 26. Bc6 Be7 27. Ra7 Bb4 28. g4 Rc8 29. Bb5 Rc1 30. Ra8+ {Precision: White = 74%, Black = 80%.} 1/2-1/2

[Event "Kragero Resort Chess A 2018"]
[Site "Kragero"]
[Date "2018.02.24"]
[Round "6"]
[White "Christiansen, Johan-Sebastian"]
[Black "Risting, Eivind Olav"]
[Result "1-0"]
[WhiteElo "2498"]
[BlackElo "2308"]
[Annotator "TA"]
[PlyCount "103"]
[EventDate "2018.??.??"]
[EventType "swiss"]
[EventCountry "NOR"]
[SourceTitle "playchess.com"]
[Source "ChessBase"]
[SourceQuality "1"]

{[%evp 11,103,0,0,0,0,20,119,109,127,59,59,67,68,58,134,130,129,111,120,127,179,162,186,133,429,466,458,441,444,453,435,288,318,246,457,375,363,166,228,153,850,4,480,466,474,455,411,0,6,-47,-6,0,70,62,64,61,57,-84,-90,-75,237,236,213,174,29974,29975,29975,29976,29976,29977,29977,29976,29976,29977,29975,253,29975,5106,29979,29980,29979,29980,29980,29981,29989,29979,29978,29979,29989,29990,29990,29991,29990,29991]} 1. e4 c6 2. d4 d5 3. exd5 cxd5 4. Nf3 Nc6 5. Ne5 (5. Bb5 Bg4 6. h3 Bxf3 7. Qxf3 a6 8. Bxc6+ bxc6 9. O-O Nf6 10. c4 g6 11. Nc3 Bg7 12. Bf4 O-O 13. Rad1 {½-½ (59) Caruana,F (2811)-Dreev,A (2653) chess.com INT 2018}) 5... e6 6. Bb5 {B13: Caro-Kann: Exchange Variation and Panov-Botvinnik Attack} Qc7 {LiveBook: 6 Games} 7. Bf4 Bd6 8. Qg4 {The position is equal.} f6 $146 (8... Kf8 $11 {remains equal.}) ({Find the theoretical novelty and annotate with similar games:} 8... Kf8 9. Bxc6 bxc6 10. Qg3 Ne7 11. Ng6+ hxg6 12. Bxd6 {½-½ (27) Gadimbayli,A (2315)-Torma,R (2499) Budapest 2017}) 9. Nxc6 $16 {Hoping for Bxd6.} Kf8 {White must now prevent ...e5.} 10. Ne5 (10. Bxd6+ $16 Qxd6 11. Nxa7 Rxa7 12. O-O) 10... fxe5 $14 11. dxe5 Bxe5 {Strongly threatening ...Nf6.} 12. Qh5 {[%csl Gb5][%cal Rh5e8]} Qa5+ (12... g5 $1 $14 13. Bg3 (13. Bxg5 $2 Bxb2 14. Bd2 Nf6 $19) 13... a6) 13. Nd2 $16 {[%csl Gb5][%cal Rh5e8]} Nf6 14. Qxe5 $40 {[%mdl 128] White goes for the king.} Qxb5 15. a4 Qa6 (15... Qb4 $16 {was worth a try.} 16. O-O Qe7) 16. Ra3 Bd7 17. Rf3 (17. Rg3 $18 {And now Bh6! would win.} h5 18. Rg6) 17... Ke7 $2 {[%mdl 8192] [#]} (17... h6 $16) 18. Bh6 $1 $18 {[%mdl 512]} gxh6 19. Qxf6+ Kd6 20. Qf4+ Ke7 21. Qb4+ Ke8 22. Qd4 Ke7 $2 (22... e5 23. Re3 (23. Qxe5+ Qe6 $18) 23... Kd8 24. Qxd5 Qc6 25. Qxe5 Re8) 23. Qh4+ Kd6 24. b3 (24. Qg3+ $142 Ke7 25. Qg7+ Kd6 26. Rf7) 24... Rhg8 (24... Rae8 $142 25. c4 (25. Qxh6 Kc7 $16) 25... Kc7 26. Qxh6 Kb8) 25. c4 {Threatens to win with cxd5.} Rxg2 $2 {[#]} (25... Kc7 $16 26. O-O (26. Qxh6 Rxg2 27. cxd5 Re8 $16) 26... Rae8) 26. Rf7 $2 (26. c5+ $1 $18 {[%mdl 512]} Kc7 (26... Kxc5 27. Qe7+) 27. Qf4+ Kd8 28. Qf8+ Kc7 29. Qxa8) 26... Re8 $2 {[%mdl 8192]} (26... Kc7 $1 $11) 27. Qf4+ e5 28. Qxh6+ ({Don't take} 28. Rxd7+ Kxd7 29. Qf7+ Kd8 $18) 28... Be6 29. Rf6 $2 (29. cxd5 $1 $18 {Ne4+ would kill now.} Kxd5 30. Qxh7) 29... Qc6 {[%cal Rd5c4]} 30. Qe3 (30. Qxh7 $11 Re7 31. Qh6) 30... Rg4 {[%cal Rd5c4]} 31. f3 dxc4 (31... Rg2 $11) 32. Nxc4+ $14 ({But not} 32. fxg4 Qxh1+ 33. Rf1 Qc6 $11) 32... Rxc4 33. bxc4 Qxc4 {...Qh4+ is the strong threat.} 34. f4 (34. Rh6 $1 $14 {keeps the upper hand.}) 34... exf4 $1 $17 35. Rxf4 {[#]} Bd5 $4 {[%mdl 8192]} (35... Qc2 $1 $17 {stays on course.} 36. Rd4+ Kc7) 36. Qxe8 $18 Qc1+ 37. Ke2 Qxh1 $2 {[%mdl 4096] Endgame KQR-KQB} (37... Qc2+ $18 38. Ke3 Qc3+ 39. Kf2 Bxh1) 38. Rf6+ Kc5 39. Qe7+ Kc4 40. Rf4+ Kb3 41. Qe3+ Ka2 42. Qd2+ Ka3 {[#]} 43. Qb4+ $1 Ka2 44. Rf2 {White wants to mate with Ke3+.} Qc1 45. Kd3+ {White mates.} Ka1 46. Qd4+ Kb1 47. Qxd5 {[%csl Gf2][%cal Rd5a2]} Qd1+ 48. Ke4 {[%cal Rd5d1]} Qe1+ 49. Kf3 Qh1+ 50. Rg2 Qf1+ 51. Kg4 h5+ 52. Kxh5 {Precision: White = 55%, Black = 32%.} 1-0

[Event "Kragero Resort Chess A 2018"]
[Site "Kragero"]
[Date "2018.02.24"]
[Round "6"]
[White "Notkevich, Benjamin Arvola"]
[Black "Kveinys, Aloyzas"]
[Result "1/2-1/2"]
[WhiteElo "2446"]
[BlackElo "2550"]
[Annotator "TA"]
[PlyCount "117"]
[EventDate "2018.??.??"]
[EventType "swiss"]
[EventCountry "NOR"]
[SourceTitle "playchess.com"]
[Source "ChessBase"]
[SourceQuality "1"]

{[%evp 31,117,0,0,2,0,-44,-40,-79,-84,-93,0,0,0,0,0,0,0,0,0,0,26,10,30,30,27,8,161,44,53,41,32,0,17,19,27,0,0,0,0,0,0,0,0,0,14,0,24,19,27,23,25,0,0,0,41,0,0,0,0,0,0,0,0,0,0,0,0,0,0,0,0,0,0,0,0,0,0,0,0,0,0,0,0,0,0,0,0,0]} 1. e4 c5 2. Nf3 Nc6 3. d4 cxd4 4. Nxd4 g6 5. c4 Nf6 6. Nc3 d6 7. Be2 Nxd4 8. Qxd4 Bg7 9. Be3 O-O 10. Qd2 Be6 11. Rc1 Qa5 12. f3 Rfc8 13. b3 a6 14. Nd5 Qxd2+ {B36: Sicilian: Maroczy Bind: Gurgenidze System} 15. Kxd2 Nxd5 16. exd5 Bd7 {LiveBook: 11 Games} 17. Bd3 b5 18. cxb5 $146 ({Predecessor:} 18. Ke2 b4 19. c5 dxc5 20. Bxc5 Bc3 21. Bxe7 Re8 22. d6 {½-½ (49) Borgo,G (2425)-Stevic,H (2550) Pula 2003}) 18... axb5 19. Rxc8+ Bxc8 20. Rc1 b4 (20... Rxa2+ $17 21. Rc2 Rxc2+ 22. Kxc2 Bf5) 21. Rc7 $11 Rxa2+ 22. Kd1 Ra1+ 23. Ke2 Ra2+ 24. Kf1 Ra8 25. Rxe7 Bf6 26. Rc7 Kg7 27. Bf4 Ra1+ 28. Ke2 Ba6 $2 (28... Ra2+ $11 {and Black has nothing to worry.} 29. Ke3 Bd8) 29. Bxa6 (29. Bxd6 $18 {And now Bxa6 would win.} Ra2+ 30. Ke3 Bxd3 31. Kxd3) 29... Rxa6 $18 {[%mdl 4096] Endgame KRB-KRB} 30. Kd3 (30. Rc6 $5 {[%cal Rc6a6]} Ra2+ 31. Kd3 $11) 30... g5 $1 {[%cal Rg5f4]} 31. Rc6 Ra5 32. Bxd6 Rxd5+ 33. Ke4 (33. Kc4 $5 {[%cal Rc4d5]} Rd2 34. Kxb4 $11) 33... Rd2 34. g4 Bc3 35. Rb6 h6 36. h3 Re2+ 37. Kd3 Rd2+ 38. Ke3 Rd1 39. Bxb4 Bd4+ 40. Ke2 Rh1 41. Rd6 Be5 42. Rd5 Kf6 43. Kf2 Ke6 {The position is equal.} 44. Ra5 f6 45. Ra6+ Kf7 46. Ra7+ Ke6 {[#] aiming for ...Bd4+.} 47. Ra6+ Kf7 48. Bc5 Rxh3 49. Ke3 h5 50. Ra7+ Kg6 {[#] Threatens to win with ...hxg4.} 51. gxh5+ Kf5 52. Ra4 Bf4+ 53. Kf2 Rxh5 54. Bd4 Rh2+ 55. Ke1 Bg3+ 56. Kd1 Be5 57. Bxe5 fxe5 58. Ke1 Rb2 59. Rb4 {Precision: White = 59%, Black = 59%.} 1/2-1/2

[Event "Kragero Resort Chess A 2018"]
[Site "Kragero"]
[Date "2018.02.24"]
[Round "6"]
[White "Houska, Jovanka"]
[Black "Kantane, Anna"]
[Result "1/2-1/2"]
[WhiteElo "2408"]
[BlackElo "2254"]
[Annotator "TA"]
[PlyCount "125"]
[EventDate "2018.??.??"]
[EventType "swiss"]
[EventCountry "NOR"]
[SourceTitle "playchess.com"]
[Source "ChessBase"]
[SourceQuality "1"]

{[%evp 17,125,2,35,20,17,26,28,10,16,8,8,8,34,37,29,22,16,11,22,0,0,0,31,33,66,62,60,49,73,69,78,18,26,0,8,0,45,18,49,62,51,58,66,58,62,62,95,96,96,93,92,87,82,89,64,44,58,61,61,40,46,42,70,70,70,20,32,4,41,0,0,7,8,8,8,9,18,16,27,27,27,27,27,27,27,27,31,0,0,0,0,0,0,0,9,34,1654,0,0,0,0,0,0,0,0,0,0,0,0,0]} 1. d4 Nf6 2. Nf3 g6 3. g3 Bg7 4. Bg2 O-O 5. O-O d5 6. Nbd2 Bf5 7. c4 c6 8. b3 a5 9. Bb2 Na6 {LiveBook: 14 Games. D78: Fianchetto Grünfeld: 6 0-0 c6} 10. Nh4 (10. Ne5 Ne4 11. Nxe4 Bxe4 12. f3 Bf5 13. e4 Be6 14. f4 f6 15. cxd5 cxd5 16. f5 fxe5 17. fxe6 {½-½ (55) Socko,B (2593)-Duda,J (2717) Riadh 2017}) 10... Be6 11. Rc1 Qd7 $146 {White has an edge.} ({Predecessor:} 11... Qb6 12. c5 Qc7 13. Nb1 Qc8 14. Nc3 Bh3 15. Na4 Bxg2 16. Kxg2 Nd7 17. f4 {½-½ (24) Jirovsky,P (2325)-Jirka,J (2460) Germany 2009}) 12. Re1 Bh3 13. Bh1 Rfd8 14. a3 Nh5 15. cxd5 cxd5 16. Ndf3 Bf6 17. Ng2 Rac8 18. Rxc8 Rxc8 19. Ne3 Be6 20. Ne5 Qd6 21. Qd3 Nc7 22. Rc1 Bg7 23. Qd2 Ra8 24. Qc3 (24. f4 $16) 24... Ne8 $1 $11 25. Qc5 {[%cal Rh1d5]} Nhf6 26. Qb5 Ne4 27. Rc2 (27. b4 {with more complications.} Qd8 28. Qxb7 N8d6 29. Qc6 axb4 30. axb4 Rc8 31. Qa6) 27... Qa6 28. Qxa6 Rxa6 29. Nxd5 Bxd5 30. Bxe4 $1 Bxe4 31. Rc8 Bxe5 32. Rxe8+ Kg7 33. dxe5 $16 {[%mdl 4096] Endgame KRB-KRB} e6 34. Bd4 Rc6 {[%cal Rc6c1]} 35. f3 Bd5 36. Rb8 Rc2 37. e4 Bxb3 38. Rxb7 a4 39. h4 h6 40. Bb6 g5 41. Bd8 {With the idea Bf6+.} gxh4 42. Bxh4 h5 43. Rb8 Ra2 44. Bf6+ Kg6 45. Be7 Bd1 46. f4 Bc2 47. Rg8+ Kh7 48. Rg5 Bxe4 49. Rxh5+ Kg6 50. Rg5+ Kh7 51. Bf8 Bg6 52. g4 Ra1+ 53. Kf2 {Strongly threatening f5.} Ra2+ 54. Kf3 {Black must now prevent f5.} Kg8 55. Be7 Kh7 56. f5 Kh6 $2 {[%mdl 8192] [#]} (56... Kg7 $14 57. Ke3 (57. fxg6 fxg6 58. Kf4 Rf2+ 59. Ke4 Rc2 $18) 57... Rg2) 57. fxg6 $2 ({Only move:} 57. Rxg6+ $1 $18 {[%mdl 512]} fxg6 58. f6 (58. fxe6 Kg7 $16)) 57... fxg6 $18 {KRB-KR. The position is equal.} 58. Ke3 Rb2 {...Rb7 is the strong threat.} 59. Kd4 Rb7 60. Bf6 {Hoping for Kc5.} Rb3 61. Be7 Rb7 62. Bf6 {Threatens to win with Kc5.} Rb3 63. Be7 {Precision: White = 57%, Black = 57%.} 1/2-1/2

[Event "Kragero Resort Chess A 2018"]
[Site "Kragero"]
[Date "2018.02.24"]
[Round "6"]
[White "Sagafos, Magne"]
[Black "Ingebretsen, Jens E"]
[Result "1-0"]
[WhiteElo "2384"]
[BlackElo "2174"]
[Annotator "TA"]
[PlyCount "67"]
[EventDate "2018.??.??"]
[EventType "swiss"]
[EventCountry "NOR"]
[SourceTitle "playchess.com"]
[Source "ChessBase"]
[SourceQuality "1"]

{[%evp 31,67,-18,-26,-28,-29,-119,-121,-116,-59,-148,-110,-253,-43,-94,-104,-128,10,35,26,0,0,0,177,162,594,569,578,570,539,548,752,738,751,747,1139,1124,29998,29999]} 1. e4 e5 2. Nf3 Nc6 3. Bc4 Bc5 4. c3 Nf6 5. d3 a6 6. O-O Ba7 7. Re1 d6 8. Bb3 O-O 9. h3 h6 10. Nbd2 Be6 11. Bc2 Re8 12. Nf1 {C54: Italienische Partie (Hauptvariante)} d5 13. exd5 (13. Qe2 dxe4 14. dxe4 Qe7 15. Ng3 Rad8 16. Nh4 Qf8 17. Nhf5 Ne7 18. Ne3 Ng6 19. Ngf5 Nf4 {½-½ (38) Giri,A (2752)-Carlsen,M (2834) Wijk aan Zee 2018}) 13... Nxd5 14. Ng3 Qd6 15. Nh4 Qe7 16. Nhf5 Qf6 $1 {LiveBook: 4 Partien} 17. Qf3 Kh8 $1 18. Qe4 (18. Bd2 $11) 18... g6 $17 19. Ne3 Rad8 $146 ({Besser ist} 19... Nf4 $1 $17 20. Bd2 Rad8) ({Vorgänger:} 19... Nf4) 20. Bd2 (20. Nh1 $15) 20... Nf4 21. Kh2 {[#]} (21. Ne2 $17) 21... Rd7 $2 ({Lieber} 21... Qh4 $1 $19 {Und ...Lxe3 würde nun gewinnen.} 22. Kg1 f5) 22. Rad1 (22. d4 $15) 22... Red8 {[%cal Rd7d3]} 23. Bc1 {[%cal Bd2c1,Bc1f4,Bf4g5,Bg5f6][%mdl 32] [#]} Qh4 {[#]} (23... Kg7 $1 $17 24. d4 exd4 25. Nef5+ Bxf5 26. Nxf5+ Qxf5 27. Qxf5 gxf5 28. Bxf4 d3) 24. d4 $1 $11 {[%cal Rd4e5][%mdl 512]} f5 {[#]} ({Jedoch nicht} 24... Bxa2 $2 25. dxe5 Be6 26. Rxd7 $18) (24... exd4 25. Nef1) 25. Nexf5 $1 {[%mdl 512]} gxf5 (25... Bxf5 26. Nxf5) 26. Nxf5 Qg5 $2 ({Aber nicht} 26... Qxf2 $2 27. Bxf4 Bxf5 28. Bxe5+ Nxe5 29. Qxe5+ Rg7 30. Re2 $18) (26... Bxf5 $11 27. Qxf5 Qxf2 28. Qf6+ Kg8 29. Bb3+ Kh7 30. Qf5+ Kh8 31. Qf6+ Rg7 32. Qxh6+ Rh7 33. Qf6+ Rg7 34. Qh6+ Rh7 35. Qf6+ Rg7 36. Qh6+) 27. Bxf4 $1 $18 Bxf5 $2 (27... Qxf5 {ist eine bessere Chance.} 28. Bxe5+ (28. Qxf5 Bxf5 29. Bxe5+ Nxe5 $18) 28... Nxe5) 28. Bxg5 Bxe4 29. Bf6+ ({Schwächer ist} 29. Bxe4 hxg5 30. Bxc6 bxc6 $11) 29... Kg8 30. Bxe4 Rf8 31. dxe5 Rxd1 32. Rxd1 Bxf2 33. Rd7 {[%csl Gd7][%cal Re4h7]} Re8 34. Bh7+ {Precision: Weiß = 29%, Schwarz = 32%.} 1-0

[Event "Kragero Resort Chess A 2018"]
[Site "Kragero"]
[Date "2018.02.24"]
[Round "6"]
[White "Hobber, Anders"]
[Black "Vitenberg, Noam Aviv"]
[Result "1-0"]
[WhiteElo "2286"]
[BlackElo "1911"]
[Annotator "TA"]
[PlyCount "133"]
[EventDate "2018.??.??"]
[EventType "swiss"]
[EventCountry "NOR"]
[SourceTitle "playchess.com"]
[Source "ChessBase"]
[SourceQuality "1"]

{[%evp 19,133,-24,0,-27,0,0,4,0,7,-24,-22,-25,31,0,0,-19,0,0,52,58,52,55,122,0,1,9,126,110,638,635,623,564,876,388,369,-72,905,872,891,708,498,516,608,344,352,350,322,270,272,256,257,252,268,259,341,335,368,302,479,437,539,521,608,602,931,604,640,610,589,586,591,589,587,580,616,609,597,579,562,555,975,967,8340,12795,12837,12837,8309,2450,12799,12799,6095,5969,5543,5535,7116,6714,5535,4904,5083,9051,29986,29987,29987,29983,29988,29989,29990,29988,29988,29989,29989,29990,29990,29991,29991,333]} 1. d4 Nf6 2. Nf3 e6 3. e3 d5 4. Bd3 c5 5. b3 Nc6 6. a3 Bd6 7. Bb2 O-O {D05: Colle System with ...e6} 8. Nbd2 (8. O-O b6 9. Ne5 Bb7 10. f4 Ne4 11. Nd2 Ne7 12. Bxe4 dxe4 13. Ndc4 Bc7 14. dxc5 b5 15. Nd6 Bxd6 16. cxd6 {1-0 (46) Bosiocic,M (2624)-Ragger,M (2657) Katowice 2017}) 8... b6 9. Ne5 Bb7 10. f4 Ne7 {LiveBook: 5 Games} 11. Qf3 Rc8 12. dxc5 $146 ({Predecessor:} 12. O-O Ba8 13. Qh3 Ne4 14. Rad1 Nf5 {0-1 (31) Nguyen Thi Mai,H (2222)-Xiao,Y (2163) Kocaeli 2013}) 12... bxc5 13. Qh3 {Black must now prevent Nc6!} Ng6 (13... Nf5 {seems wilder.} 14. O-O c4 15. bxc4 Ne4 16. cxd5 Nxd2 17. Rfd1 Bxe5 18. Bxe5 Qa5) 14. Nxg6 hxg6 15. O-O Be7 ({Black should try} 15... Re8 $11) 16. Rad1 Qb6 17. Ba1 Ba6 18. c4 dxc4 (18... Rcd8 $11) 19. bxc4 $14 (19. Nxc4 Qxb3 20. Bxf6 Bxf6 $17) 19... Rfd8 20. e4 $1 {[%cal Be3e4,Be4e5][%mdl 32]} Qa5 (20... Rd7 $14) 21. Nb1 ({White should play} 21. Bxf6 $1 $16 gxf6 22. f5) 21... Qa4 $36 {[%mdl 2048] Black fights for an advantage.} 22. Nc3 Qxa3 (22... Rxd3 $11 23. Rxd3 Qxc4) 23. e5 $16 {Bxg6 is the strong threat.} Ne8 $2 {[%mdl 8192] [#]} (23... Nh7 $16) 24. Bxg6 $1 $18 {[%mdl 512]} fxg6 25. Qxe6+ Kf8 26. Nd5 (26. f5 $142 Rxd1 27. Nxd1) 26... Rxd5 {[#]} 27. cxd5 $2 ({Only move:} 27. Rde1 $1 $18) 27... Rd8 $2 {[%mdl 8192] [#]} ({Reject} 27... Qe3+ $6 28. Rf2 $14) (27... Bxf1 $17 28. Kxf1 (28. Qxc8 Be2 $17) 28... Qb3) 28. Rf3 $1 {[%cal Rf3a3]} Qa4 29. Re1 {Rh3 would kill now.} Bc8 30. Qxg6 {Intending e6 and mate.} Rxd5 31. e6 Bxe6 32. Qxe6 {White threatens Rh3 and mate.} Qd7 33. Qxd7 Rxd7 34. Be5 Nf6 35. Rc3 Rb7 36. Ra1 Nd5 37. Rg3 Nf6 38. Kf1 Nh5 (38... Bd8 $142 39. Bd6+ Kf7 40. Bxc5 Bc7) 39. Rga3 Rb4 40. g3 Rc4 41. Rxa7 Rc2 42. R7a2 Rc4 43. Ke2 Nf6 44. Kd3 Rb4 45. Rb2 c4+ 46. Kc2 Nd5 47. Rxb4 Bxb4 {[%mdl 4096] Endgame KRB-KBN} 48. Bd4 Kf7 49. Ra7+ Ke6 50. Rxg7 Kf5 51. Rg5+ Ke4 52. Rxd5 Kxd5 {KB-KB} 53. Bc3 Bc5 54. f5 Ke4 55. f6 Kf5 56. h3 Bd6 57. g4+ Kg5 58. Kd2 Bf4+ 59. Ke2 Kh4 60. f7 {White mates.} Bh6 61. Bb4 Kxh3 62. Kf3 c3 63. f8=Q Bxf8 64. Bxf8 Kh4 65. Kf4 c2 66. Ba3 c1=N 67. Bxc1 {Precision: White = 75%, Black = 25%.} 1-0